书目信息 |
| 题名: |
中国工会历史文献
|
|
| 作者: | ;中华全国总工会中国职工运动史研究室 编 | |
| 分册: | 3 | |
| 出版信息: | 北京 工人出版社 1958 |
|
| 页数: | 394页 | |
| 开本: | 20cm | |
| 丛书名: | ||
| 单 册: | ||
| 中图分类: | D412.3 , K263 | |
| 科图分类: | ||
| 主题词: | 中国--历史 | |
| 电子资源: | ||
| ISBN: | ||
| 000 | 00778nam0 2200241 450 | |
| 001 | 1572676481 | |
| 005 | 20150122201154.42 | |
| 010 | @dCNY1.45 | |
| 091 | @a3007.282@b精装@d¥1.82 | |
| 100 | @a19961012d1958 em y0chiy0110 ea | |
| 101 | 0 | @achi |
| 102 | @aCN@b110000 | |
| 105 | @ay z 000yy | |
| 200 | 1 | @a中国工会历史文献@9zhong guo gong hui li shi wen xian@h3@f中华全国总工会中国职工运动史研究室编 |
| 210 | @a北京@c工人出版社@d1958 | |
| 215 | @a394页@d20cm | |
| 601 | 0 | @a中华全国总工会@x文件@z1930~1937 |
| 606 | 0 | @a中国@x历史 |
| 690 | @aD412.3@v5 | |
| 690 | @aK263@v4 | |
| 711 | 02 | @a中华全国总工会中国职工运动史研究室@9zhong hua quan guo zong gong hui zhong guo zhi gong yun dong shi yan jiu shi@4编 |
| 801 | 0 | @aCN@bTSSF@c20150122 |
| 905 | @aZUCC@dK263@eJY29:3 | |
| 中国工会历史文献.3/中华全国总工会中国职工运动史研究室编.-北京:工人出版社,1958 |
| 394页;20cm |
| ISBN :CNY1.45 |
| ● |
| 相关链接 |
|
|
|
|
正题名:中国工会历史文献
索取号:K263/JY29:3
 
预约/预借
| 序号 | 登录号 | 条形码 | 馆藏地/架位号 | 状态 | 备注 |
| 1 | 7843176 | 278431760 | 学院路分馆/ [索取号:K263/JY29:3] | 在馆 |